Địa chí văn hóa dân gian Nghệ Tĩnh
Đã lưu trong:
| 主要作者: | |
|---|---|
| 格式: | 圖書 |
| 語言: | Undetermined |
| 出版: |
Nghệ An
Nxb. Nghệ An
1995
|
| 主題: | |
| 標簽: |
添加標簽
沒有標簽, 成為第一個標記此記錄!
|
| Thư viện lưu trữ: | Trung tâm Học liệu Trường Đại học Cần Thơ |
|---|
| LEADER | 00537nam a2200181Ia 4500 | ||
|---|---|---|---|
| 001 | CTU_21629 | ||
| 008 | 210402s9999 xx 000 0 und d | ||
| 082 | |a 398.09597 | ||
| 082 | |b Ch300 | ||
| 100 | |a Nguyễn Đổng Chi | ||
| 245 | 0 | |a Địa chí văn hóa dân gian Nghệ Tĩnh | |
| 245 | 0 | |c Nguyễn Đổng Chi | |
| 260 | |a Nghệ An | ||
| 260 | |b Nxb. Nghệ An | ||
| 260 | |c 1995 | ||
| 650 | |a folk literature, vietnamese | ||
| 904 | |i Minh, 980116 | ||
| 980 | |a Trung tâm Học liệu Trường Đại học Cần Thơ | ||